Security+ Guide to Network Security Fundamentals / (Record no. 615076)

000 -LEADER
fixed length control field 00357nam a22001337a 4500
020 ## - INTERNATIONAL STANDARD BOOK NUMBER
International Standard Book Number 9781111640125
082 ## - DEWEY DECIMAL CLASSIFICATION NUMBER
Classification number 005.8
Author Mark CIA
100 ## - MAIN ENTRY--PERSONAL NAME
Personal name Ciampa, Mark
245 ## - TITLE STATEMENT
Title Security+ Guide to Network Security Fundamentals /
Statement of responsibility, etc. Mark Ciampa
250 ## - EDITION STATEMENT
Field link and sequence number 4th Edition.
260 ## - PUBLICATION, DISTRIBUTION, ETC.
Name of publisher, distributor, etc. Cengage Learning,
Date of publication, distribution, etc. 2011.
300 ## - PHYSICAL DESCRIPTION
Extent xxvi, 608p. ;
942 ## - ADDED ENTRY ELEMENTS (KOHA)
Source of classification or shelving scheme
Koha item type Book
Holdings
Withdrawn status Lost status Source of classification or shelving scheme Damaged status Not for loan Permanent Location Current Location Shelving location Date acquired Total Checkouts Full call number Barcode Date last seen Price effective from Koha item type
          Central Library (CL) Central Library (CL) Lincoln Corner 10/06/2025   005.8 CIA LC-492 10/06/2025 10/06/2025 Book
© 2023 Central Library, National University of Sciences and Technology. All Rights Reserved.